INES 2018 : 22nd IEEE International Conference on Intelligent Engineering Systems 2018 : Las Palmas de Gran Canaria, Spain, June 21-23, 2018 : Proceeding

Uložené v:
Podrobná bibliografia
Korporativný autor: IEEE International Conference on Intelligent Engineering Systems 2018 Las Palmas de Gran Canaria, Spain (INES 2018)
Médium: Konferenčný príspevok.. Kniha
Jazyk:English
Vydavateľské údaje: IEEE, 2018
Vydanie:1. vyd.
Tagy: Pridať tag
Žiadne tagy, Buďte prvý, kto otaguje tento záznam!

MARC

LEADER 00000nam a22000003a 4500
001 0066974
003 SK-STU
005 20180918131317.5
007 ta
008 180910s ----xo-----e------100-0-----d
020 |a 978-1-5386-1121-0 
040 |a STU  |b slo 
041 0 |a eng 
111 2 |a IEEE International Conference on Intelligent Engineering Systems 2018  |n 22nd  |d 21.-23.6.2018 :  |c Las Palmas de Gran Canaria, Spain.  |e INES 2018 
245 1 0 |a INES 2018 :  |b 22nd IEEE International Conference on Intelligent Engineering Systems 2018 : Las Palmas de Gran Canaria, Spain, June 21-23, 2018 : Proceeding  |h [elektronický zdroj] 
250 |a 1. vyd. 
260 |b IEEE,  |c 2018 
300 |a 1 DVD-ROM 
996 |b 284M087804  |c M* CD-2725  |l MMKN  |s A  |a 24  |w 0066974_0001